The essays of montaigne vol. 1 / (Record no. 187358)
[ view plain ]
| 000 -LEADER | |
|---|---|
| fixed length control field | 00466nam a22001697a 4500 |
| 005 - DATE AND TIME OF LATEST TRANSACTION | |
| control field | 20220413114019.0 |
| 010 ## - LCCN (DPL NO) | |
| LC control number | B-744579 |
| 035 ## - SYSTEM CONTROL NUMBER | |
| System control number | B-744579 |
| 037 ## - SOURCE OF ACQUISITION | |
| Source of stock number/acquisition | Gift |
| 082 ## - DEWEY DECIMAL CLASSIFICATION NUMBER | |
| Classification number | 808.88 |
| 245 ## - TITLE STATEMENT | |
| Title | The essays of montaigne vol. 1 / |
| Statement of responsibility, etc | translated by E.J. Trechmann |
| 260 ## - PUBLICATION, DISTRIBUTION, ETC. (IMPRINT) | |
| Place of publication, distribution, etc | London |
| Name of publisher, distributor, etc | Oxford University Press |
| Date of publication, distribution, etc | 1956 |
| 300 ## - PHYSICAL DESCRIPTION | |
| Extent | vp. |
| Dimensions | 19cm(Hb) |
| 700 ## - ADDED ENTRY--PERSONAL NAME | |
| Personal name | Trechmann, E.J. |
| 700 ## - ADDED ENTRY--PERSONAL NAME | |
| Personal name | Robertson, J.M. |
| 942 ## - ADDED ENTRY ELEMENTS (KOHA) | |
| Source of classification or shelving scheme | Dewey Decimal Classification |
| Item type | English Books |
| Classification part | 808.88 |
| Call number suffix | ESS |
| Withdrawn status | Lost status | Materials specified (bound volume or other part) | Not for loan | Collection code | Home library | Current library | Date acquired | Source of acquisition | Full call number | Barcode | Copy number | Koha item type |
|---|---|---|---|---|---|---|---|---|---|---|---|---|
| Rare | Non-fiction | Central Library | Central Library | 13/04/2022 | Gift | 808.88 ESS | B-744579 | 1 | English Books |
